Niet prístavov : (Record no. 20857)
[ view plain ]
| 000 -LEADER | |
|---|---|
| fixed length control field | 00590nam a22002051 4500 |
| 001 - CONTROL NUMBER | |
| control field | 20857 |
| 003 - CONTROL NUMBER IDENTIFIER | |
| control field | CZ PrNK |
| 005 - DATE AND TIME OF LATEST TRANSACTION | |
| control field | 20260206103959.0 |
| 008 - FIXED-LENGTH DATA ELEMENTS--GENERAL INFORMATION | |
| fixed length control field | 020507s1946 xo slo |
| 040 ## - CATALOGING SOURCE | |
| Original cataloging agency | ABA001 |
| Language of cataloging | cze |
| Transcribing agency | ABA001 |
| Modifying agency | ABA001 |
| 100 1# - MAIN ENTRY--PERSONAL NAME | |
| Personal name | Karvaš, Peter, |
| Dates associated with a name | 1920-1999 |
| Relationship | aut |
| 245 10 - TITLE STATEMENT | |
| Title | Niet prístavov : |
| Remainder of title | Novely. |
| Number of part/section of a work | Kn. 1 / |
| Statement of responsibility, etc. | Peter Karvaš |
| 250 ## - EDITION STATEMENT | |
| Edition statement | Vyd. 1. |
| 260 ## - PUBLICATION, DISTRIBUTION, ETC. | |
| Place of publication, distribution, etc. | Turčiansky Sv. Martin : |
| Name of publisher, distributor, etc. | Matica slovenská, |
| Date of publication, distribution, etc. | 1946 |
| 300 ## - PHYSICAL DESCRIPTION | |
| Extent | 403 s. ; |
| Dimensions | 8° |
| 490 1# - SERIES STATEMENT | |
| Series statement | Slovenské pohľady ; |
| Volume/sequential designation | Sv. 110 |
| 830 #0 - SERIES ADDED ENTRY--UNIFORM TITLE | |
| Uniform title | Slovenské pohľady |
| 910 ## - USER-OPTION DATA (OCLC) | |
| User-option data | ABA001 |
| 942 ## - ADDED ENTRY ELEMENTS (KOHA) | |
| Source of classification or shelving scheme | Dewey Decimal Classification |
| Koha item type | Krásna literatúra pre dospelých |
| Suppress in OPAC | No |
| Stav vyradenia | Strata | Poškodenie | Spôsob nadobudnutia | Domovská knižnica | Aktuálna knižnica | Dátum nadobudnutia | Total checkouts | Čiarový kód exemplára | Date last seen | Typ exemplára |
|---|---|---|---|---|---|---|---|---|---|---|
| Dar | Obecná knižnica Horná Štubňa | Obecná knižnica Horná Štubňa | 06.02.2026 | 4736200987 | 06.02.2026 | Krásna literatúra pre dospelých |
